000 00760nam a2200301Ia 4500
001 16419
003 IT-RoPAU
008 130308s9999 xx 000 0 und d
040 _aIT-RoPAU
040 _cIT-RoPAU
041 _aFRANCESE
100 _aCasetti Francesco
100 _gCodice Aut. SPICS: 8350
245 _aTexte du film (Le)
245 _bTheorie Du Film (La)
250 _a1a ed.
260 _aPARIS
260 _bAlbatros
260 _c1980 [1° Ed.:1980 - Ed.Ling.Originale:1980]
300 _a"25 p. (prefazione: no ; testo: 25 [pagine: 41-65])"
500 _aTesto del Film
650 _aLINGUAGGIO CINEMATOGRAFICO
650 _eCodice materia Spics: 6804
942 _cBK
957 _71
999 _c51901
_d51901
999 _bSI
999 _g1